|
|
|
|
| LEADER |
00000ckm a2200000 a 4500 |
| 001 |
vtls001220897 |
| 003 |
SK-MaSNL |
| 005 |
20260512123231.0 |
| 007 |
kp bo |
| 008 |
231120q1936 xo g 0kuslo |
| 015 |
|
|
|a SNBG
|
| 035 |
|
|
|a SNK000165903
|
| 035 |
|
|
|a urn:nbn:sk:snk-km43ggm
|
| 035 |
|
|
|a 4562A1F0-7231-49E9-8A63-EFD5147335FD
|
| 035 |
|
|
|a urn:nbn:sk:snk-km00eapl
|
| 040 |
|
|
|a SNK
|b slo
|c SNK
|e AACR2
|
| 041 |
0 |
|
|a slo
|
| 043 |
|
|
|a e-xo---
|
| 044 |
|
|
|a xo
|c SK
|
| 072 |
|
7 |
|a 913
|x Regionálna geografia
|2 konspekt
|
| 080 |
|
|
|a 913(437.6)
|2 2011
|
| 080 |
|
|
|a 711.73
|2 2011
|
| 080 |
|
|
|a (084.121)
|2 2011
|
| 080 |
|
|
|a 615.12
|2 2011
|
| 080 |
|
|
|a 336.711
|2 2011
|
| 245 |
0 |
0 |
|a Dunajská Streda
|h grafika
|
| 260 |
|
|
|a B. Bystrica
|b Luna
|c [medzi 1936 a 1948?]
|
| 300 |
|
|
|a 1 pohľadnica
|b čiernobiela
|c 9 x 14 cm
|
| 520 |
8 |
|
|a Zobrazenie: Pohľad v bielom orámovaní na ulicu vpravo. Vľavo je rad budov, medzi nimi je v popredí Všeobecná úverová banka, s rovnomenným nápisom na fasáde. Za ňou je poschodová nárožná budova s nápisom Gyogyszertár - Lekáreň. Vpravo na ulici vidno konský povoz a množstvo ľudí. Vľavo na chodníku tiež. Vľavo na chodníku je nad veľkou bránou roztiahnutá markíza
|
| 650 |
0 |
7 |
|a ulice
|2 SNKPH
|9 2938
|
| 650 |
0 |
7 |
|a lekárne
|2 SNKPH
|9 2516
|
| 650 |
0 |
7 |
|a banky
|2 SNKPH
|9 2103
|
| 651 |
|
7 |
|a Dunajská Streda (Slovensko)
|2 SNKPHgeo
|9 17375
|
| 655 |
|
7 |
|a miestne pohľadnice
|2 SNKPH
|9 70510
|
| 752 |
|
|
|a Slovensko
|d Banská Bystrica
|
| 852 |
|
|
|a Slovenská národná knižnica
|
| 958 |
|
|
|a OND
|
| 958 |
|
|
|a GBN
|
| 958 |
|
|
|a GC
|
| 958 |
|
|
|a EUIPO
|
| 999 |
|
|
|c 710892
|d 712822
|
| 952 |
|
|
|t P60, <03>, [BOOK], {603}
|a SNK
|b SNK
|y PREZ
|7 0
|p 17A1381473
|o snkSP 147777
|i snkPV 276/96
|z Pohľadnica prešla poštou.
|0 0
|1 0
|4 0
|d 1996-09-26
|f 1
|l 0
|r 2005-01-01 00:00:00
|w 2026-02-23
|